[Event "CRO-ch U15 Girls"]
[Site "Trogir"]
[Date "2023.06.25"]
[Round "7"]
[White "Fiolic, Ivana"]
[Black "Friscic, Paula"]
[Result "1/2-1/2"]
[WhiteElo "1052"]
[BlackElo "1609"]
[PlyCount "88"]
[EventDate "2023.06.21"]
[EventType "swiss"]
[EventRounds "9"]
[EventCountry "CRO"]
[SourceTitle "EXT 2024"]
[Source "ChessBase"]
[SourceDate "2023.10.10"]
[SourceVersion "1"]
[SourceVersionDate "2023.10.10"]
[SourceQuality "1"]

1. d4 d5 2. c4 c6 3. Nc3 e6 4. Nf3 Nf6 5. Bg5 Be7 6. e3 Nbd7 7. Be2 0-0 8. 0-0 b6 9. Rc1 Bb7 10. Qc2 h6 11. Bh4 Qc7 12. h3 Rfe8 13. cxd5 exd5 14. Bg3 Qd8 15. Ne5 Bd6 16. Nxd7 Qxd7 17. Bxd6 Qxd6 18. Bf3 Rac8 19. Rfd1 c5 20. dxc5 Rxc5 21. Qb3 Rec8 22. Rd4 Qe6 23. Rcd1 Rd8 24. e4 a6 25. Nxd5 Nxd5 26. exd5 Qd6 27. a3 Rb5 28. Qa2 Qe5 29. b4 a5 30. Qc4 Ba6 31. Qb3 Bb7 32. Qa2 Kf8 33. Qb3 Rd7 34. a4 Rxb4 35. Rxb4 axb4 36. Qxb4+ Qd6 37. Qxd6+ Rxd6 38. Kf1 Ke7 39. Be4 g6 40. Ke2 f5 41. Bf3 Kf6 42. Kf1 Ke5 43. Re1+ Kf6 44. Rd1 Ke5 1/2-1/2

[Event "CRO-ch U13 Girls"]
[Site "Trogir"]
[Date "2022.06.22"]
[Round "2"]
[White "Zagorac, Lara"]
[Black "Fiolic, Ivana"]
[Result "1-0"]
[WhiteElo "1482"]
[BlackElo "1053"]
[PlyCount "93"]
[EventDate "2022.06.22"]
[EventType "swiss"]
[EventRounds "9"]
[EventCountry "CRO"]
[SourceTitle "CBM 209 Extra"]
[Source "ChessBase"]
[SourceDate "2022.09.30"]
[SourceVersion "1"]
[SourceVersionDate "2022.09.30"]
[SourceQuality "1"]

1. d4 d5 2. Nf3 Nf6 3. Bf4 e6 4. e3 c5 5. Nbd2 Nc6 6. c3 Be7 7. Bd3 0-0 8. 0-0 b6 9. e4 dxe4 10. Nxe4 cxd4 11. Nxd4 Bb7 12. Nxf6+ Bxf6 13. Nxc6 Bxc6 14. Qc2 h6 15. Rad1 Qe7 16. Bd6 Qe8 17. Bxf8 Qxf8 18. Be4 Bxe4 19. Qxe4 Rd8 20. Qe2 Rxd1 21. Rxd1 Qc5 22. Qe3 Qxe3 23. fxe3 Kf8 24. Rd7 a5 25. Rd1 Ke7 26. Kf2 Bg5 27. Rd3 f5 28. Ke2 g6 29. g3 h5 30. b4 axb4 31. cxb4 h4 32. a4 hxg3 33. hxg3 Ke8 34. Rd6 Kf7 35. Rxb6 e5 36. a5 Bd8 37. Rb7+ Kf6 38. a6 g5 39. a7 f4 40. a8Q Be7 41. Qe8 fxg3 42. Rxe7 Kf5 43. Rxe5+ Kf6 44. Qe6+ Kg7 45. Rf5 Kh8 46. Qe7 g4 47. Rf8# 1-0

[Event "CRO-ch U11 Girls"]
[Site "Trogir"]
[Date "2020.08.26"]
[Round "4"]
[White "Car, Lana"]
[Black "Fiolic, Ivana"]
[Result "1/2-1/2"]
[WhiteElo "1600"]
[BlackElo "1639"]
[PlyCount "56"]
[EventDate "2020.08.24"]
[EventType "swiss"]
[EventRounds "9"]
[EventCountry "CRO"]
[SourceTitle "CBM 198 Extra"]
[Source "ChessBase"]
[SourceDate "2020.11.30"]
[SourceVersion "1"]
[SourceVersionDate "2020.11.30"]
[SourceQuality "1"]

1. d4 d5 2. c4 e6 3. Nc3 Nf6 4. Nf3 Nc6 5. Bf4 Bd6 6. Bxd6 Qxd6 7. c5 Qe7 8. Qd2 b6 9. cxb6 axb6 10. 0-0-0 0-0 11. a3 Ng4 12. e3 Ba6 13. h3 Nf6 14. Qc2 Rfd8 15. Nb5 h6 16. Qxc6 Qd7 17. Qxd7 Rxd7 18. Rd2 Ne4 19. Rc2 Rc8 20. Nc3 Bxf1 21. Rxf1 Nxc3 22. Rxc3 c5 23. dxc5 bxc5 24. b4 c4 25. Rd1 Rdd8 26. Rd2 Kf8 27. a4 Ke7 28. a5 Kd6 1/2-1/2

[Event "CRO-ch U11 Girls"]
[Site "Trogir"]
[Date "2020.08.26"]
[Round "5"]
[White "Franc, Marta"]
[Black "Fiolic, Ivana"]
[Result "0-1"]
[WhiteElo "1612"]
[BlackElo "1639"]
[PlyCount "44"]
[EventDate "2020.08.24"]
[EventType "swiss"]
[EventRounds "9"]
[EventCountry "CRO"]
[SourceTitle "CBM 198 Extra"]
[Source "ChessBase"]
[SourceDate "2020.11.30"]
[SourceVersion "1"]
[SourceVersionDate "2020.11.30"]
[SourceQuality "1"]

1. e4 e5 2. Nf3 Nc6 3. Bc4 Nf6 4. Nc3 d6 5. d3 Be7 6. Be3 Bg4 7. 0-0 0-0 8. Nd5 Qd7 9. Bh6 gxh6 10. Qd2 Bxf3 11. gxf3 Nxd5 12. Bxd5 Bg5 13. Bxc6 Qxc6 14. f4 Bxf4 15. Qe2 Kh8 16. Kh1 d5 17. Rg1 Rg8 18. Qh5 Rg6 19. Rg4 Rag8 20. Rag1 dxe4 21. c3 exd3+ 22. R4g2 Rxg2 0-1